Southville International School and Colleges
Your cart is empty.
  • Cart
  • Lists
    Public lists Eva Luna New books Lux_list list_1
    Your lists Log in to create your own lists
  • Log in to your account
  • Your cookies
  • Search history
Southville International School and Colleges
  • Advanced search
  • Recent comments
  • Most popular
  • Libraries

Log in to your account

Log in with GOOGLE


If you do not have an external account, but do have a local account, you can still log in:

  1. Home
  2. MARC view: Healthy eating /
Normal view MARC view ISBD view

Healthy eating / (Record no. 110243)

[ view plain ]
MARC details
000 -LEADER
fixed length control field 00763nam a2200217 a 4500
001 - CONTROL NUMBER
control field 4128
005 - DATE AND TIME OF LATEST TRANSACTION
control field 20140414131852.0
008 - FIXED-LENGTH DATA ELEMENTS--GENERAL INFORMATION
fixed length control field 090209s19uu xx 00 eng d
020 ## - INTERNATIONAL STANDARD BOOK NUMBER
International Standard Book Number 0-7368-0420-X
050 ## - LIBRARY OF CONGRESS CALL NUMBER
Classification number M 613.2
Item number G86 2000
100 ## - MAIN ENTRY--PERSONAL NAME
Personal name Gregson, Susan R.
245 ## - TITLE STATEMENT
Title Healthy eating /
Statement of responsibility, etc by Susan R. Gregson.
260 ## - PUBLICATION, DISTRIBUTION, ETC. (IMPRINT)
Place of publication, distribution, etc Mankato, Minnesota :
Name of publisher, distributor, etc Capstone Press,
Date of publication, distribution, etc c2000.
300 ## - PHYSICAL DESCRIPTION
Extent 64 p. : col., ill. cm.
440 ## - SERIES STATEMENT/ADDED ENTRY--TITLE
Title Perspectives on physical health
500 ## - GENERAL NOTE
General note Includes bibliographical references and index.
520 ## - SUMMARY, ETC.
Summary, etc Discusses how different foods are used in our bodies and how to make healthy eating a part of one's lifestyle
650 ## - SUBJECT ADDED ENTRY--TOPICAL TERM
Topical term or geographic name as entry element Nutrition
General subdivision Juvenile literature.
650 ## - SUBJECT ADDED ENTRY--TOPICAL TERM
Topical term or geographic name as entry element Heatlth
General subdivision Juvenile literature.
Holdings
Withdrawn status Lost status Damaged status Home library Current library Shelving location Date acquired Source of acquisition Total Checkouts Full call number Barcode Date last seen Price effective from Koha item type
      Munich Library Munich Library Main Section 02/09/2009     M 613.2 G86 2000 M0583 04/14/2014 04/14/2014 Books

Healthy eating /

APA

Gregson S. R., . (2000). Healthy eating. Mankato, Minnesota: Capstone Press.

Chicago

Gregson Susan R, . 2000. Healthy eating. Mankato, Minnesota: Capstone Press.

Harvard

Gregson S. R., . (2000). Healthy eating. Mankato, Minnesota: Capstone Press.

MLA

Gregson Susan R, . Healthy eating. Mankato, Minnesota: Capstone Press. 2000.

  • Place hold
  • Print
  • Cite
  • Add to your cart (remove)
  • Save record
    BIBTEX Dublin Core MARCXML MARC (non-Unicode/MARC-8) MARC (Unicode/UTF-8) MARC (Unicode/UTF-8, Standard) MODS (XML) RIS
  • More searches
    Search for this title in:
    Other Libraries (WorldCat) Other Databases (Google Scholar) Online Stores (Bookfinder.com) Open Library (openlibrary.org)

Exporting to Dublin Core...

SOUTHVILLE LIBRARY

Southville International School and Colleges Library

1281 Tropical Ave. Cor. Luxembourg St., BF Homes International, Las Pinas City

Tel. No. 8256374 / 252358 Loc. 117/146

Powered by Koha